| 000 | 01696nam0a2200361 i 4500 | ||
|---|---|---|---|
| 001 | RU\NLR\BIBL_A\011177881 | ||
| 005 | 20241105191746.0 | ||
| 010 |
_a9785726214313 _9100 |
||
| 021 |
_aRU _b2016-51631 _93300 |
||
| 035 | _a(NILC)RuMoRGB-008534030 | ||
| 035 | _a(NLR Aleph) 011177881 | ||
| 090 |
_a11802413 _c11802413 |
||
| 100 | _a20160719d2016 km y0rusy50 ca | ||
| 101 | 0 | _arus | |
| 102 | _aRU | ||
| 105 | _aach|z|||010yb | ||
| 200 | 1 |
_aВиктор Михайлович Колобашкин _eсборник воспоминаний к 85-летию со дня рождения ректора МИФИ с 1975 по 1984 г. _f[редкол. : М. Н. Стриханов, д.ф.-м.н., проф. и др.] |
|
| 210 |
_aМосква _cНИЯУ МИФИ _d2016 |
||
| 215 |
_a223, [1] с. _cил., цв. ил., факс., портр. _d31 |
||
| 225 | 1 | _aРекторы России | |
| 320 | _aСписок избранных науч. трудов В. М. Колобашкина: с. 220-222 | ||
| 600 | 1 |
_aКолобашкин _bВ.М. _f1931 - 1984 _gВиктор Михайлович _92292050 _3RU\NLR\AUTH\6601600027 |
|
| 675 | _a53 | ||
| 686 | 1 | _aВ38д(2)Колобашкин | |
| 686 | 1 | _aЧ488.24(2)7-8Колобашкин | |
| 702 | 1 |
_aКолобашкин _bВ. М. _f1931- _gВиктор Михайлович _4570 |
|
| 702 | 1 |
_aСтриханов _bМ. Н _gМихаил Николаевич _4340 |
|
| 711 | 0 | 2 |
_aНациональный исследовательский ядерный университет _cМосква |
| 801 | 0 |
_aRU _bРГБ _c20160701 _gRCR |
|
| 942 | _cBOOK | ||
| 980 | _aNBR | ||